LEADER 00973nam0-2200313---450- 001 990008711320403321 005 20090311153337.0 010 $a88-7663-115-1 035 $a000871132 035 $aFED01000871132 035 $a(Aleph)000871132FED01 035 $a000871132 100 $a20080916d1993----km-y0itay50------ba 101 0 $aita 102 $aIT 105 $aa-------001yy 200 1 $a<>esercizio del disegno$ei Vanvitelli$eAncona, Mole vanvitelliana, 25 settembre - 23 ottobre 1993 210 $aAncona$cIl lavoro editoriale$dc1993 215 $a91 p.$cill.$d29 cm 300 $aIn basso al front.: Cassa di risparmio di Verona, Vicenza, Belluno e Ancona 610 0 $aVanvitelli $a1993$aCongressi$aAncona 676 $a741.092$v19$zita 801 0$aIT$bUNINA$gRICA$2UNIMARC 901 $aBK 912 $a990008711320403321 952 $a12.241$b3778$fDARST 959 $aDARST 996 $aEsercizio del disegno$9718444 997 $aUNINA LEADER 03408nam 22006855 450 001 9910805571203321 005 20240123183626.0 010 $a9783031496813 010 $a3031496817 024 7 $a10.1007/978-3-031-49681-3 035 $a(CKB)30098034100041 035 $a(MiAaPQ)EBC31084754 035 $a(Au-PeEL)EBL31084754 035 $a(DE-He213)978-3-031-49681-3 035 $a(OCoLC)1419872603 035 $a(EXLCZ)9930098034100041 100 $a20240123d2023 u| 0 101 0 $aeng 135 $aur||||||||||| 181 $ctxt$2rdacontent 182 $cc$2rdamedia 183 $acr$2rdacarrier 200 10$aHyperbaric Oxygenation $eMitochondrial Activity and Brain Physiological Functions /$fby Avraham Mayevsky 205 $a1st ed. 2023. 210 1$aCham :$cSpringer Nature Switzerland :$cImprint: Springer,$d2023. 215 $a1 online resource (365 pages) 311 08$a9783031496806 327 $aChapter 1-Introduction and Historical Background -- Chapter 2-Basic Concepts of Brain Monitoring Systems -- Chapter 3-Scientific Background to Hyperbaric Oxygenation(HBO) -- Chapter 4-Typical Brain Mitochondrial Responses to Hyperbaric Oxygenation -- Chapter 5-Effect of the Pressure Level on the Oxygen Toxicity Process -- Chapter 6-Responses to Oxygen Toxicity after Various Treatments -- Chapter 7-Interaction between Carbon Monoxide(CO) and Hyperbaric Oxygenation -- Chapter 8-Effects of Age on the Responses to Hyperbaric Hyperoxia -- Chapter 9-Brain Multiparametric Responses to Hyperbaric Hyperoxia -- Chapter 10-Effects of Age on the Responses to Hyperbaric Hyperoxia -- Chapter 11-Hyperbaric Hyperoxia in Patients After Chest Injury or Ischemic Stroke -- Chapter 12-Discussion and Conclusions. 330 $a Exposure of patients to a high oxygen environment is a standard treatment in a select group of patients. The development of oxygen toxicity must be avoided in those patients. This book describes the effects of normobaric and hyperbaric oxygen treatment of animal models on brain biochemical and physiological responses. This book provides a summary of our knowledge on the effects of hyperbaric oxygenation on mitochondrial activity in vivo, and other functions of the brain. A chapter covering the use of hyperbaric hyperoxia in patients? brain pathology and care is also included. This is an ideal book for students, research groups, and clinicians studying hyperbaric oxygen and its connection to mitochondrial activity and brain physiological functions. 606 $aNeurophysiology 606 $aNeurons 606 $aToxicology 606 $aNeurosciences 606 $aMetabolism 606 $aCytology 606 $aCellular Neuroscience 606 $aToxicology 606 $aNeuroscience 606 $aMetabolism 606 $aCell Biology 615 0$aNeurophysiology. 615 0$aNeurons. 615 0$aToxicology. 615 0$aNeurosciences. 615 0$aMetabolism. 615 0$aCytology. 615 14$aCellular Neuroscience. 615 24$aToxicology. 615 24$aNeuroscience. 615 24$aMetabolism. 615 24$aCell Biology. 676 $a612.81046 700 $aMayevsky$b Avraham$01064292 801 0$bMiAaPQ 801 1$bMiAaPQ 801 2$bMiAaPQ 906 $aBOOK 912 $a9910805571203321 996 $aHyperbaric Oxygenation$93883209 997 $aUNINA